History of philosophy / (Record no. 17866)

MARC details
000 -LEADER
fixed length control field 00666 aa a2200205 4500
008 - FIXED-LENGTH DATA ELEMENTS--GENERAL INFORMATION
fixed length control field 081021t xxu||||| |||| 00| 0 eng d
010 ## - LIBRARY OF CONGRESS CONTROL NUMBER
LC control number ENG-84561
020 ## - INTERNATIONAL STANDARD BOOK NUMBER
International Standard Book Number 8189000942
020 ## - INTERNATIONAL STANDARD BOOK NUMBER
Terms of availability 995.00 (hb)
035 ## - SYSTEM CONTROL NUMBER
System control number EN-68094
082 ## - DEWEY DECIMAL CLASSIFICATION NUMBER
Classification number 109
100 ## - MAIN ENTRY--PERSONAL NAME
Personal name Weber, Alfred
245 ## - TITLE STATEMENT
Title History of philosophy /
Statement of responsibility, etc by Alfred Weber; translated by Frank Thilly
260 ## - PUBLICATION, DISTRIBUTION, ETC. (IMPRINT)
Place of publication, distribution, etc New Delhi
Name of publisher, distributor, etc Vishvabharti Publications
260 ## - PUBLICATION, DISTRIBUTION, ETC. (IMPRINT)
Date of publication, distribution, etc 2006
300 ## - PHYSICAL DESCRIPTION
Extent 604p
Dimensions 22cm
700 ## - ADDED ENTRY--PERSONAL NAME
Personal name Thilly, Frank
Titles and other words associated with a name tr
942 ## - ADDED ENTRY ELEMENTS (KOHA)
Source of classification or shelving scheme Dewey Decimal Classification
Koha item type English Books
Classification part 109
Call number suffix WEB
Holdings
Withdrawn status Lost status Source of classification or shelving scheme Damaged status Not for loan Home library Current library Date acquired Cost, normal purchase price Total Checkouts Full call number Barcode Date last seen Copy number Cost, replacement price Price effective from Koha item type
    Dewey Decimal Classification   Not For Loan D.B.Act.Division D.B.Act.Division 08/03/2007 995.00   109 WEB EN-68094 04/11/2008 1 995.00 04/11/2008 English Books

© Delhi Public Library
Hit Counter
free hit counter